|
|
|
|
| LEADER |
00000nam0a2200000 4500 |
| 001 |
374524 |
| 005 |
20231101051205.0 |
| 035 |
|
|
|a (RuTPU)RU\TPU\retro\31958
|
| 035 |
|
|
|a RU\TPU\book\207125
|
| 090 |
|
|
|a 374524
|
| 100 |
|
|
|a 20221219d1959 km y0rusy50 ca
|
| 101 |
0 |
|
|a rus
|
| 102 |
|
|
|a RU
|
| 105 |
|
|
|a y z 000zy
|
| 200 |
1 |
|
|a Государственная геологическая карта СССР масштаба 1: 1 000 000
|a Полезные ископаемые
|e оъъяснительная записка, лист М - 36 (Киев)
|f сост. Б. С. Ковалев ; сост. А. Н. Козловская ; под ред. С. А. Музылева
|
| 210 |
|
|
|a Москва
|c Госгеолтехиздат
|d 1959
|
| 215 |
|
|
|a 136 с.
|e 2 вкл.
|
| 610 |
1 |
|
|a карты
|
| 610 |
1 |
|
|a СССР
|
| 610 |
1 |
|
|a геологические карты
|
| 610 |
1 |
|
|a Киев
|
| 610 |
1 |
|
|a полезные ископаемые
|
| 610 |
1 |
|
|a горючие ископаемые
|
| 610 |
1 |
|
|a неметаллические ископаемые
|
| 610 |
1 |
|
|a лечебные грязи
|
| 610 |
1 |
|
|a минеральные воды
|
| 675 |
|
|
|a 55:528
|v 3
|
| 702 |
|
1 |
|a Ковалев
|b Б. С.
|4 220
|
| 702 |
|
1 |
|a Козловская
|b А. Н.
|4 220
|
| 702 |
|
1 |
|a Музылев
|b С. А.
|4 340
|
| 801 |
|
1 |
|a RU
|b 63413507
|c 20110118
|
| 801 |
|
2 |
|a RU
|b 63413507
|c 20221219
|g RCR
|
| 942 |
|
|
|c BK
|